RbBrF4 Revisited; Zeitschrift für anorganische und allgemeine Chemie (ZAAC); Vol. 641, iss. 15
| Parent link: | Zeitschrift für anorganische und allgemeine Chemie (ZAAC) Vol. 641, iss. 15.— 2015.— [P. 2593-2598] |
|---|---|
| Ente Autore: | |
| Altri autori: | , , , |
| Riassunto: | Title screen Rubidium tetrafluoridobromate(III) was synthesized and structurally characterized. The compound is isotypic to sodium and potassium tetrafluoridobromate(III), and crystallizes in the tetragonal space group I4/mcm (tI24, KBrF4 structure type) with a = 6.3718(2), c = 11.4934(3) Å, V = 466.63(2) Å3, Z = 4, at T = 293 K. Additionally we investigated the compound by means of IR and Raman spectroscopy as well as theoretical studies. The data obtained by quantum chemical calculations confirm the crystal structure, and also the atomic distances and angles with an average deviation of 2.2 to 2.7 %. |
| Lingua: | inglese |
| Pubblicazione: |
2015
|
| Soggetti: | |
| Accesso online: | http://dx.doi.org/10.1002/zaac.201500647 |
| Natura: | MixedMaterials Elettronico Capitolo di libro |
| KOHA link: | https://koha.lib.tpu.ru/cgi-bin/koha/opac-detail.pl?biblionumber=645411 |
MARC
| LEADER | 00000nla0a2200000 4500 | ||
|---|---|---|---|
| 001 | 645411 | ||
| 005 | 20250919151003.0 | ||
| 035 | |a (RuTPU)RU\TPU\network\10495 | ||
| 090 | |a 645411 | ||
| 100 | |a 20151217d2015 k||y0rusy50 ba | ||
| 101 | 0 | |a eng | |
| 135 | |a drcn ---uucaa | ||
| 181 | 0 | |a i | |
| 182 | 0 | |a b | |
| 200 | 1 | |a RbBrF4 Revisited |f S. I. Ivlev, A. J. Karttunen, R. V. Ostvald, F. F. Kraus | |
| 203 | |a Text |c electronic | ||
| 300 | |a Title screen | ||
| 320 | |a [References: p. 2597-2598 (39 tit.)] | ||
| 330 | |a Rubidium tetrafluoridobromate(III) was synthesized and structurally characterized. The compound is isotypic to sodium and potassium tetrafluoridobromate(III), and crystallizes in the tetragonal space group I4/mcm (tI24, KBrF4 structure type) with a = 6.3718(2), c = 11.4934(3) Å, V = 466.63(2) Å3, Z = 4, at T = 293 K. Additionally we investigated the compound by means of IR and Raman spectroscopy as well as theoretical studies. The data obtained by quantum chemical calculations confirm the crystal structure, and also the atomic distances and angles with an average deviation of 2.2 to 2.7 %. | ||
| 461 | |t Zeitschrift für anorganische und allgemeine Chemie (ZAAC) | ||
| 463 | |t Vol. 641, iss. 15 |v [P. 2593-2598] |d 2015 | ||
| 610 | 1 | |a электронный ресурс | |
| 610 | 1 | |a труды учёных ТПУ | |
| 610 | 1 | |a кристаллические структуры | |
| 610 | 1 | |a рентгеновская дифракция | |
| 701 | 1 | |a Ivlev |b S. I. |c chemist-technologist |c Engineer-designer of Tomsk Polytechnic University, Assistant |f 1987- |g Sergey Ivanovich |3 (RuTPU)RU\TPU\pers\31276 | |
| 701 | 1 | |a Karttunen |b A. J. |g Antti | |
| 701 | 1 | |a Ostvald |b R. V. |c Chemical Engineer |c Associate Professor of Tomsk Polytechnic University, Candidate of chemical sciences |f 1980- |g Roman Vyacheslavovich |3 (RuTPU)RU\TPU\pers\31221 |9 15416 | |
| 701 | 1 | |a Kraus |b F. F. |g Florian | |
| 712 | 0 | 2 | |a Национальный исследовательский Томский политехнический университет (ТПУ) |b Научно-исследовательский институт высоких напряжений (НИИВН) |b Лаборатория № 7 |3 (RuTPU)RU\TPU\col\19034 |
| 801 | 2 | |a RU |b 63413507 |c 20201229 |g RCR | |
| 856 | 4 | |u http://dx.doi.org/10.1002/zaac.201500647 | |
| 942 | |c CF | ||